| 000 | 02055nam0a2200337 4500 | ||
|---|---|---|---|
| 001 | RU\NLR\b_ik\155135 | ||
| 005 | 20250616230121.0 | ||
| 035 | _a(NLR Aleph) 002228125 | ||
| 090 |
_a3390440 _c3390440 |
||
| 100 | _a20070115d2006 |||y0rusy50 ca | ||
| 101 | 0 |
_aeng _drus |
|
| 102 | _aRU | ||
| 105 | _aa ||||||||| | ||
| 200 | 1 |
_aApplication of the structure function method to polarized and unpolarized electron-proton scattering _fE.A. Kuraev, Yu.M. Bystritskiy, V.V. Bytev, E. Tomasi-Gustafsson |
|
| 210 |
_aДубна _cОбъед. ин-т ядер. исслед. _d2006 |
||
| 215 |
_a14, [1] c. _cграф. _d22 |
||
| 225 | 1 |
_aОбъединенный институт ядерных исследований, Дубна _vE2-2006-58 |
|
| 300 | _aНа 3-й с. обл.: Применение метода структурных функций для вычисления радиационных поправок к поляризованному и неполяризованному электрон-протонному рассеянию / Кураев Э.А. и др. | ||
| 300 | _aРез. на рус. яз. | ||
| 320 | _aБиблиогр. в конце кн. (14 назв.) | ||
| 517 | 0 | _aПрименение метода структурных функций для вычисления радиационных поправок к поляризованному и неполяризованному электрон-протонному рассеянию | |
| 606 | 1 |
_aЭлектроны _xРассеяние протонами _xРадиационные поправки _91969959 _3RU\NLR\AUTH\661189511 |
|
| 686 | 4 | _aВ382.353 | |
| 701 | 1 |
_aKuraev _bÉ. A. _gÉduard Alekseevič _4070 |
|
| 701 | 1 |
_aBystrickij _bJu. M. _4070 |
|
| 701 | 1 |
_aByt'ev _bV. V. _gVladimir Vjačeslavovič _4070 |
|
| 701 | 1 |
_aTomasi-Gustafsson _bE. _4070 |
|
| 801 | 0 |
_aRU _bNLR _c20070115 _gRCR |
|
| 942 | _cBOOK | ||
| 980 | _aNB | ||